“火烧”地点数量≥500的地级行政区 Prefectures with ≥500 “Huoshao” sites - Statistics

General Stats
  • This quiz has been taken 46 times
  • The average score is 8 of 12
Answer Stats
地级行政区 数量 % Correct
北京 2193
95%
石家庄 795
93%
天津 981
90%
保定 2387
85%
济南 1317
83%
沧州 742
73%
青岛 1168
68%
廊坊 630
60%
临沂 619
50%
淄博 824
48%
潍坊 2913
45%
泰安 721
33%
No matching quizzes found
Score Distribution
Percent of People with Each Score
Percentile by Number Answered
Your Score History
You have not taken this quiz